| 000 | 00837nas a2200277 4500 | ||
|---|---|---|---|
| 001 | BR2010000496 | ||
| 003 | BR-BrBNA | ||
| 005 | 20231205113846.0 | ||
| 007 | ta | ||
| 008 | 230509b bl.|||p| |||| 00| 00por d | ||
| 040 |
_aBR-BrBNA _bpor _cBiblioteca Nacional de Agricultura |
||
| 041 | _a(Pt) | ||
| 072 | _aN20; Q52 | ||
| 100 | 1 | _aLongui, F.C. | |
| 100 | 1 | _aFernandes, L.S. | |
| 100 | 1 | _aRinaldi, P.C.N. | |
| 245 | 1 | _aNíveis de ruído emitidos por diferentes equipamentos em uma fábrica de ração | |
| 650 | _aRAÇÃO | ||
| 650 | _aINDÚSTRIA ALIMENTÍCIA | ||
| 650 | _aEQUIPAMENTO | ||
| 650 | _aPERFORMANCE | ||
| 650 | _aRUÍDO | ||
| 773 | 0 |
_tEngenharia na Agricultura (Brazil) _xISSN 1414-3984 _g(Nov-Dec 2009), v. 17(6) p. 446-453 _wBR2010000496 |
|
| 909 |
_a202311 _bLúcia _c55 _dLúcia Elande |
||
| 942 |
_2AGRIS _n0 _cANA |
||
| 999 |
_c205988 _d205988 |
||